| 000 | 00854nam a22003017a 4500 | ||
|---|---|---|---|
| 001 | 4241636 | ||
| 003 | OSt | ||
| 005 | 20210421065104.0 | ||
| 008 | 830627s1984 nyu 000 1 eng | ||
| 010 | _a 83013973 | ||
| 020 | _a0399128905 | ||
| 040 |
_aeng _cDLC _dDLC _dOCoLC _dDLC _beng |
||
| 041 | _aeng | ||
| 050 | 0 | 0 |
_aPR6056.R27 _bD3 1984 |
| 080 |
_a821.111 _bF-85 |
||
| 082 | 0 | 0 |
_a823/.914 _219 |
| 100 | 1 | _aFrancis, Dick. | |
| 245 | 1 | 4 |
_aThe danger / _cDick Francis. |
| 260 |
_aNew York : _bPutnam, _cc1984. |
||
| 300 |
_a320 p. ; _c24 cm. |
||
| 365 | _b15.95 usd | ||
| 650 | 0 |
_aHorse racing _xFiction. |
|
| 650 | 0 |
_aEnglish literature _9247 |
|
| 653 | _aინგლისური ლიტერატურა | ||
| 655 | 7 |
_aDetective and mystery stories. _2gsafd |
|
| 906 |
_a7 _bcbc _corignew _d1 _eocip _f19 _gy-gencatlg |
||
| 942 |
_2udc _cBK |
||
| 999 |
_c676 _d676 |
||